000
00367nam a2200157Ia 4500
008
220531s9999 xx 000 0 und d
041
_a
eng
082
_b
SHA
100
_a
Shaw, B.
_9
34085
245
_a
Saint Joan
260
_c
1992
542
_d
01-01-2010
650
_a
English
_9
34086
906
_d
2009-2010
_d
2014-2015
_e
Write Off
_f
4676
999
_c
21049
_d
21049